| 000 | 00966nas a2200289 4500 | ||
|---|---|---|---|
| 001 | BR2012009892 | ||
| 003 | BR-BrBNA | ||
| 005 | 20231205121722.0 | ||
| 007 | ta | ||
| 008 | 230509b bl.|||p| |||| 00| 00por d | ||
| 040 |
_aBR-BrBNA _bpor _cBiblioteca Nacional de Agricultura |
||
| 041 | _a(Pt) | ||
| 072 | _aF01 | ||
| 100 | 1 | _aScoles, R. | |
| 100 | 1 | _aGribel, R. | |
| 100 | 1 | _aKlein, G.N. | |
| 245 | 1 | _aCrescimento e sobrevivência de castanheira (Bertholletia excelsa Bonpl.)em diferentes condições ambientais na região do rio Trombetas, Oriximiná, Oará | |
| 650 | _aCASTANHA DO PARÁ | ||
| 650 | _aBERTHOLLETIA EXCELSA | ||
| 650 | _aCRESCIMENTO | ||
| 650 | _aMUDA | ||
| 650 | _aCONDIÇÃO AMBIENTAL | ||
| 650 | _aPARÁ | ||
| 773 | 0 |
_tBoletim do Museu Paraense Emílio Goeldi. Ciências Naturais (Brazil) _xISSN 1981-8114 _g(Sep-Dec 2011), v. 6(3) p. 273-293 _wBR2012009892 |
|
| 909 |
_a202311 _bLúcia _c55 _dLúcia Elande |
||
| 942 |
_2AGRIS _n0 _cANA |
||
| 999 |
_c224890 _d224890 |
||